| 000 | 01365nac a22002891u 4500 | ||
|---|---|---|---|
| 999 |
_c5790 _d5790 |
||
| 003 | EG-ScBUE | ||
| 005 | 20201108122512.0 | ||
| 008 | 110905s1983 ua f b 000 p ara d | ||
| 017 | _a1985/5268 | ||
| 020 | _a9770214698 | ||
| 040 |
_aEG-ScBUE _bara _erda _cEG-ScBUE _dEG-ScBUE |
||
| 082 | 0 | 4 |
_a892.71009 _bن هـ ش _222 |
| 100 | 1 |
_aالنهشلي، عبد الكريم بن ابراهيم، _dت. 405 هـ.، _eمؤلف. _926995 |
|
| 245 | 1 | 0 |
_aاختيار الممتع في علم الشعر وعمله. _nالجزء الأول / _cأبي محمد عبد الكريم بن إبراهيم النهشلي ؛ تحقيق محمود شاكر القطان ؛ تحقيق دكتور محمود شاكر القطان، كلية التربية، جامعة المنوفية. |
| 250 | _aالطبعة الأولى. | ||
| 264 | 1 |
_aالقاهرة : _bدار المعارف، _c1983. |
|
| 300 |
_a2 مجلد ؛ _c24 سم |
||
| 336 |
_2rdacontent _aنص _btxt |
||
| 337 |
_2rdamedia _aبدون وسيط _bn |
||
| 338 |
_2rdacarrier _aمجلد _bnc |
||
| 504 | _aيشتمل على إرجاعات ببليوجرافية. | ||
| 650 | 7 |
_aالشعر العربي _xتاريخ ونقد. _2BUEsh _915412 |
|
| 653 |
_bARALIT _cNovember2020 |
||
| 655 |
_vReading book _934232 |
||
| 700 | 1 |
_aالقطان ، محمود شاكر، _eمحقق. _926996 |
|
| 942 |
_cBB _k811.9 ن ه ش _2ddc |
||